[Event "FRA-ch op-C"]
[Site "Val d'Isere"]
[Date "2002.08.29"]
[Round "8.4"]
[White "Clavel, Carole"]
[Black "Boillaud, Philippe"]
[Result "1/2-1/2"]
[WhiteElo "1520"]
[BlackElo "1700"]
[PlyCount "130"]
[EventDate "2002.08.20"]
[EventType "swiss"]
[EventRounds "11"]
[EventCountry "FRA"]
[SourceTitle "EXT 2003"]
[Source "ChessBase"]
[SourceDate "2002.11.25"]
[SourceVersion "1"]
[SourceVersionDate "2002.11.25"]
[SourceQuality "1"]

1. c4 f5 2. Nc3 Nf6 3. g3 g6 4. Bg2 Bg7 5. e3 0-0 6. Nge2 d6 7. 0-0 c6 8. d4 Na6 9. Rb1 Rb8 10. b4 Bd7 11. Qb3 Nc7 12. b5 Qe8 13. bxc6 bxc6 14. Qxb8 Qxb8 15. Rxb8 Rxb8 16. Ba3 Be6 17. c5 d5 18. Nf4 Bc8 19. Rb1 Rxb1+ 20. Nxb1 Nd7 21. Nd3 e5 22. dxe5 Nxe5 23. Nb4 a5 24. Nc2 Nd3 25. Bf1 Ne5 26. Nd2 Kf7 27. Nd4 Bb7 28. N2b3 a4 29. Na5 Ba8 30. Be2 Ne6 31. Nxe6 Kxe6 32. Bd1 Nc4 33. Nxc4 dxc4 34. Bxa4 Kd5 35. Kf1 Bb7 36. Ke2 Ba6 37. Bc2 Bf8 38. Kd2 Be7 39. f3 Bf6 40. e4+ fxe4 41. Bxe4+ Ke6 42. Bxc6 Bc8 43. Kc2 Bd4 44. Bc1 Bxc5 45. Bb5 Kd5 46. Bd2 Bf5+ 47. Kb2 Bd4+ 48. Bc3 Bg1 49. g4 Bd3 50. Be1 Bxh2 51. Bf2 Be5+ 52. Kc1 Be2 53. Ba6 Kc6 54. Kd2 Bd3 55. a4 g5 56. Bb5+ Kb7 57. a5 Bb8 58. a6+ Kc8 59. a7 Bxa7 60. Bxa7 Kd8 61. Bc5 Kc7 62. Be7 Bf1 63. Bxg5 c3+ 64. Kxc3 Bxb5 65. Kd4 Kd7 1/2-1/2

[Event "FRA-ch op-C"]
[Site "Val d'Isere"]
[Date "2002.08.??"]
[Round "1"]
[White "Boillaud, Philippe"]
[Black "Lekal, El Houori"]
[Result "1-0"]
[WhiteElo "1700"]
[BlackElo "1360"]
[PlyCount "113"]
[EventDate "2002.08.20"]
[EventType "swiss"]
[EventRounds "11"]
[EventCountry "FRA"]
[SourceTitle "EXT 2003"]
[Source "ChessBase"]
[SourceDate "2002.11.25"]
[SourceVersion "1"]
[SourceVersionDate "2002.11.25"]
[SourceQuality "1"]

1. e4 c5 2. Nc3 d6 3. g3 g6 4. Bg2 Bg7 5. d3 e6 6. Be3 Nc6 7. Nge2 Nge7 8. Qd2 0-0 9. Bh6 Nd4 10. Bxg7 Kxg7 11. Nd1 Rb8 12. c3 Ndc6 13. h4 b5 14. h5 Rh8 15. Ne3 b4 16. Ng4 Ng8 17. f4 Nge7 18. cxb4 f5 19. Qc3+ Kf7 20. hxg6+ Nxg6 21. exf5 exf5 22. Bd5+ Be6 23. Bxe6+ Kxe6 24. Ne3 Rxb4 25. a3 Rb8 26. Rh5 Nce7 27. g4 Rf8 28. d4 Rc8 29. gxf5+ Kd7 30. fxg6 hxg6 31. Rg5 cxd4 32. Qxd4 Nc6 33. Qg7+ Ne7 34. Qd4 Nc6 35. Qa4 Qb6 36. Nc4 Qc7 37. 0-0-0 Rf6 38. Ne5+ Ke7 39. Nxc6+ Qxc6+ 40. Qxc6 Rxc6+ 41. Kb1 Rc4 42. Nc3 Re6 43. f5 gxf5 44. Rxf5 Rh4 45. Rff1 Kd7 46. Rf7+ Kc6 47. Rxa7 Rh2 48. Rc1 Rg6 49. Ra6+ Kb7 50. Ra4 Rgg2 51. Nd1 Rd2 52. Rb4+ Ka7 53. Nc3 d5 54. Nb5+ Kb6 55. Nd6+ Ka7 56. Nc8+ Ka8 57. Rc7 1-0

[Event "FRA-ch op-C"]
[Site "Val d'Isere"]
[Date "2002.08.??"]
[Round "10.2"]
[White "Cappon, Aldo"]
[Black "Boillaud, Philippe"]
[Result "0-1"]
[WhiteElo "1499"]
[BlackElo "1700"]
[PlyCount "138"]
[EventDate "2002.08.20"]
[EventType "swiss"]
[EventRounds "11"]
[EventCountry "FRA"]
[SourceTitle "EXT 2003"]
[Source "ChessBase"]
[SourceDate "2002.11.25"]
[SourceVersion "1"]
[SourceVersionDate "2002.11.25"]
[SourceQuality "1"]

1. e4 d6 2. d4 Nf6 3. Bd3 c5 4. d5 c4 5. Bxc4 Nxe4 6. Ne2 Qb6 7. 0-0 g6 8. Be3 Qc7 9. Qd4 Nf6 10. Nbc3 Bg7 11. Nb5 Qd8 12. Nxa7 0-0 13. Nxc8 Qxc8 14. Qd3 Nbd7 15. Bb3 Ne5 16. Qd1 Nc4 17. Bd4 e5 18. dxe6 fxe6 19. Qd3 d5 20. Bxc4 dxc4 21. Qh3 Ra5 22. Ng3 Qc6 23. Rfe1 Re8 24. Bc3 Nd5 25. Bxa5 Nf4 26. Ne4 Nxh3+ 27. gxh3 b6 28. Bb4 Rd8 29. c3 Rd5 30. Rac1 Rd3 31. Rc2 Qd7 32. Rce2 e5 33. Re3 Qf5 34. Kg2 g5 35. Nd6 Qf4 36. Ne4 h5 37. Ng3 h4 38. Nh5 Qf7 39. Nxg7 Rxe3 40. Rxe3 Qd5+ 41. Kg1 Kxg7 42. Ba3 e4 43. Kf1 Kf6 44. Ke2 Kf5 45. f3 Qe5 46. fxe4+ Ke6 47. Rf3 Qxh2+ 48. Ke3 Qg1+ 49. Ke2 g4 50. hxg4 Qxg4 51. Kf2 Ke5 52. Bf8 Kxe4 53. Re3+ Kd5 54. Bb4 h3 55. Rg3 Qf5+ 56. Kg1 Ke4 57. Kh2 Qf2+ 58. Kxh3 Qxb2 59. a3 Qf2 60. Kg4 Qf5+ 61. Kh4 Qh7+ 62. Kg4 Qh6 63. Rg2 Qg6+ 64. Kh3 Qh5+ 65. Kg3 Qe5+ 66. Kf2 Qf4+ 67. Kg1 Qc1+ 68. Kf2 Qe3+ 69. Kf1 Kf3 0-1

[Event "FRA-ch op-C"]
[Site "Val d'Isere"]
[Date "2002.??.??"]
[Round "2.1"]
[White "Vandewiele, Benoit"]
[Black "Boillaud, Philippe"]
[Result "1-0"]
[WhiteElo "1550"]
[BlackElo "1700"]
[PlyCount "31"]
[EventDate "2002.08.20"]
[EventType "swiss"]
[EventRounds "11"]
[EventCountry "FRA"]
[SourceTitle "EXT 2003"]
[Source "ChessBase"]
[SourceDate "2002.11.25"]
[SourceVersion "1"]
[SourceVersionDate "2002.11.25"]
[SourceQuality "1"]

1. e4 e5 2. Nf3 Nc6 3. d4 exd4 4. Nxd4 Qh4 5. Nc3 Bc5 6. Be3 a6 7. Nf5 Qf6 8. Bxc5 d6 9. Nd5 Qe5 10. Nxc7+ Kd8 11. Qxd6+ Qxd6 12. Bxd6 Bxf5 13. Nxa8 Kd7 14. 0-0-0 Bxe4 15. Bf8+ Ke6 16. Bxg7 1-0